00761nam a2200253 a 4500001001300000003000900013005001700022008004100039020001000080082001900090100002500109245003900134260004700173300000900220500003500229505001000264650002300274650002300297700002500320902000800345942000700353952013200360999001500492nice12345678IN_TiNIC20260116012821.0050524s1984 boma grp 000 0 eng  ac10000a297.1977bENG2 aEngineer, Asghar Ali aIslam and Its Relevance to Our Age aBombaybInstitute of Islamic Studiesc1984 a129p aincludes index and biblioraphy2 aindex aIslam and Politics aIslam-20th Century1 aEngineer, Asghar Ali bSRS cBK 001040708StackRoom-aHMIbHMId2007-07-03g100.00l1o297.1977 ENG2p012849r2024-02-22s2024-02-21v100.00w2005-05-24yBK c8499d8499